Najludniejsze miasta w Polsce, które nie są miastami powiatowymi - Statystyki

Ogólne statystyki
  • Ten quiz został rozwiązany 30 razy
  • Średni wynik to 5 z 10
Statystyki odpowiedzi
Liczba ludności Miasto Powiat % Poprawnych
49536 Rumia wejherowski
100%
35839 Czechowice-Dziedzice bielski
61%
37801 Knurów gliwicki
61%
32015 Luboń poznański
57%
29523 Bielawa dzierżoniowski
54%
31039 Czeladź będziński
54%
36816 Marki wołomiński
54%
38546 Ząbki wołomiński
54%
27888 Czerwionka-Leszczyny rybnicki
50%
29862 Swarędz poznański
4%
Nie znaleziono quizów pasujących do podanych kryteriów
Rozkład punktacji
Procent ludzi z każdym wynikiem
Percentyl według liczby udzielonych odpowiedzi
Twoja historia wyników
Nie rozwiązałeś tego quizu